000 00721nam a2200241Ia 4500
003 OSt
005 20220926034050.0
006 a|||||r|||| 00| 0
007 ta
008 220923b |||||||| |||| 00| 0 eng d
037 _cGeneral Book
040 _aRTL
_cRTL
_beng
041 _2eng
_aeng
082 _aX7243.1.N9, N3
100 _aJorgenson Dale W Ed.
245 0 _aTax reform and the cost of capital
_b An internatio
260 _aWashington
_bBookings Instittution
_c1993
300 _axix,420p
_ccm.
650 _aBusiness Tax
700 _a Landau Ralph Ed.
_9250979
942 _hX7243.1.N9, N3
_cGB
_2CC
999 _c658658
_d658658